Martin I. Townsend correspondence, (Record no. 41064)
[ view plain ]
| 000 -LEADER | |
|---|---|
| fixed length control field | 01252cpcaa2200301 a 4500 |
| 001 - CONTROL NUMBER | |
| control field | mm 79001969 |
| 003 - CONTROL NUMBER IDENTIFIER | |
| control field | DLC |
| 005 - DATE AND TIME OF LATEST TRANSACTION | |
| control field | 20260227111640.0 |
| 008 - FIXED-LENGTH DATA ELEMENTS--GENERAL INFORMATION | |
| fixed length control field | 800102|||||||||||| eng |
| 010 ## - LIBRARY OF CONGRESS CONTROL NUMBER | |
| LC control number | mm 79001969 |
| 040 ## - CATALOGING SOURCE | |
| Original cataloging agency | DLC |
| Transcribing agency | DLC |
| Modifying agency | DLC |
| Description conventions | dacs |
| 072 #7 - SUBJECT CATEGORY CODE | |
| Subject category code | W |
| Source | lcmd |
| 100 1# - MAIN ENTRY--PERSONAL NAME | |
| Personal name | Townsend, Martin I. |
| Fuller form of name | (Martin Ingham), |
| Dates associated with a name | 1810-1903. |
| 245 00 - TITLE STATEMENT | |
| Title | Martin I. Townsend correspondence, |
| Inclusive dates | 1876 December 13. |
| 300 ## - PHYSICAL DESCRIPTION | |
| Extent | 1 |
| Type of unit | item. |
| 506 0# - RESTRICTIONS ON ACCESS NOTE | |
| Terms governing access | Open to research. |
| 520 8# - SUMMARY, ETC. | |
| Summary, etc. | ALS written by Townsend to his grandson mentioning the presidential election of 1876 and a walk through Washington, D.C., with Rutherford Birchard Hayes. |
| 545 0# - BIOGRAPHICAL OR HISTORICAL DATA | |
| Biographical or historical data | Lawyer and U.S. representative from New York. |
| 546 ## - LANGUAGE NOTE | |
| Language note | Collection material in English. |
| 580 ## - LINKING ENTRY COMPLEXITY NOTE | |
| Linking entry complexity note | Forms part of: Miscellaneous Manuscripts collection. |
| 600 10 - SUBJECT ADDED ENTRY--PERSONAL NAME | |
| Personal name | Hayes, Rutherford Birchard, |
| Dates associated with a name | 1822-1893. |
| 650 #0 - SUBJECT ADDED ENTRY--TOPICAL TERM | |
| Topical term or geographic name entry element | Presidents |
| Geographic subdivision | United States |
| General subdivision | Election |
| Chronological subdivision | 1876. |
| 651 #0 - SUBJECT ADDED ENTRY--GEOGRAPHIC NAME | |
| Geographic name | Washington (D.C.) |
| General subdivision | Description and travel. |
| 656 #7 - INDEX TERM--OCCUPATION | |
| Occupation | Lawyers. |
| Source of term | itoamc |
| 656 #7 - INDEX TERM--OCCUPATION | |
| Occupation | Representatives, U.S. Congress |
| Geographic subdivision | New York (State) |
| Source of term | itoamc |
No items available.